Holiday Quiz

Random Holiday or Lyrics Quiz

How to Be a Grinch Quiz Stats

 Plays Quiz Updated Dec 7, 2016

Challenge
Share
Tweet
Embed
Score 0/25 Timer 05:00
3 Plays Today
% Correct
you're a mean one
97.4%
you're as charming as an eel
83.3%
you're as cuddly as a cactus
80.5%
you're a foul one
78.7%
you're a bad banana with a greasy black peel
77.8%
you're a vile one
77.3%
I wouldn't touch you with a thirty-nine-and-a-half foot pole
75%
you have all the tender sweetness of a seasick crocodile
73.8%
the three words that best describe you are as follows, and I quote: 'Stink, stank, stunk!'
73.3%
you've got garlic in your soul
70.3%
you have termites in your smile
69.5%
you really are a heel
67.5%
your heart's an empty hole
67%
% Correct
you're a three-decker sauerkraut and toadstool sandwich, with arsenic sauce
66.9%
your soul is an appalling dump heap overflowing with the most disgraceful assortment of deplorable rubbish imaginable
65.6%
your brain is full of spiders
62.9%
your heart's a dead tomato splotched with moldy purple spots
59.8%
you're a monster
59.2%
your heart is full of unwashed socks
59.2%
you nauseate me, Mr. Grinch, with a nauseous super 'naus'
56.3%
your soul is full of gunk
55%
you're a rotter
54.8%
you're a crooked jerky jockey, and you drive a crooked hoss
52.2%
you're a nasty, wasty skunk
50.8%
you're the king of sinful sots
47.1%

You're not logged in!

Compare scores with friends on all Sporcle quizzes.
OR
Log In

You Might Also Like...

Show Comments

Extras

Top Quizzes Today


Score Distribution

Your Account Isn't Verified!

In order to create a playlist on Sporcle, you need to verify the email address you used during registration. Go to your Sporcle Settings to finish the process.

Report this User

Report this user for behavior that violates our Community Guidelines.

Details: